000 00318nam a22001337a 4500
008 210518b ||||| |||| 00| 0 eng d
041 _aeng
080 _a316
082 _a316
100 _a50
101 _aSOC
245 _aThe Idea of Poverty England in The Early Industrial Age
_cHimmelfarb,G
942 _2udc
_cBK
999 _c57407
_d57407